LEADER 00955nam0-22003371i-450- 001 990001495550403321 010 $a88-08-04052-6 035 $a000149555 035 $aFED01000149555 035 $a(Aleph)000149555FED01 035 $a000149555 100 $a20020718d1987----km-y0itay50------ba 101 1 $aita 102 $aIT 105 $aa---a---001yy 200 1 $a<>valutazione nell'insegnamento scientifico$fRichard Kempa$gtraduzione di Manlio Guardo 210 $aBologna$cZanichelli$d1987 215 $a160 p.$cill.$d21 cm 610 0 $aAlunni - valutazione 610 0 $aScienze - apprendimento 676 $a507.12 700 1$aKempa,$bRichard$066696 702 1$aGuardo,$bManlio 801 0$aIT$bUNINA$gRICA$2UNIMARC 901 $aBK 912 $a990001495550403321 952 $aCPDM-97-042$b52 CPDM$fMA1 959 $aMA1 962 $a97BXX 996 $aValutazione nell'insegnamento scientifico$9377594 997 $aUNINA